书目信息 |
| 题名: |
旅游管理信息系统
|
|
| 作者: | 周春林 , 梁中 , 袁丁 编著 | |
| 分册: | ||
| 出版信息: | 北京 科学出版社 2006.05 |
|
| 页数: | xi, 373页 | |
| 开本: | 24cm | |
| 丛书名: | 地理信息系统教学丛书 | |
| 单 册: | ||
| 中图分类: | F590.6 | |
| 科图分类: | ||
| 主题词: | 旅游业--lu you ye--管理信息系统--教材 | |
| 电子资源: | ||
| ISBN: | 7-03-016784-8 | |
| 000 | 01084nam 2200289 450 | |
| 001 | 012007164812 | |
| 005 | 20070920161929.70 | |
| 010 | @a7-03-016784-8@dCNY35.00 | |
| 100 | @a20070821d2006 km y0chiy0120 ea | |
| 101 | 0 | @achi |
| 102 | @aCN@b110000 | |
| 105 | @aa a 000yy | |
| 200 | 1 | @a旅游管理信息系统@Alu you guan li xin xi xi tong@f周春林, 梁中, 袁丁等编著@Fzhou chun lin,liang zhong,yuan ding deng bian zhu |
| 210 | @a北京@c科学出版社@d2006.05 | |
| 215 | @axi, 373页@c图@d24cm | |
| 225 | 2 | @a地理信息系统教学丛书@Adi li xin xi xi tong jiao xue cong shu |
| 300 | @a21世纪高等院校教材 | |
| 320 | @a有书目 (第372-373页)。 | |
| 330 | @a本书系统阐述了旅游管理信息系统的概念、构成和技术基础,分析了网络化、信息化、数字化进程中旅游也面临的挑战和国内旅游管理信息系统发展的最新动态。 | |
| 410 | 0 | @12001 @a地理信息系统教学丛书 |
| 606 | 0 | @a旅游业@Alu you ye@x管理信息系统@j教材 |
| 690 | @aF590.6@v4 | |
| 701 | 0 | @a周春林@Azhou chun lin@4编著 |
| 701 | 0 | @a梁中@Aliang zhong@4编著 |
| 701 | 0 | @a袁丁@Ayuan ding@4编著 |
| 801 | 0 | @aCN@c20070920 |
| 905 | @dF590.6@eZ753 | |
| 旅游管理信息系统/周春林, 梁中, 袁丁等编著.-北京:科学出版社,2006.05 |
| xi, 373页:图;24cm.-(地理信息系统教学丛书) |
| 21世纪高等院校教材 |
| ISBN 7-03-016784-8:CNY35.00 |
| 本书系统阐述了旅游管理信息系统的概念、构成和技术基础,分析了网络化、信息化、数字化进程中旅游也面临的挑战和国内旅游管理信息系统发展的最新动态。 |
| ● |
| 相关链接 |
|
|
|
正题名:旅游管理信息系统
索取号:F590.6/Z753
 
预约/预借
| 序号 | 登录号 | 条形码 | 馆藏地/架位号 | 状态 | 备注 |
| 1 | 261441 | 202614411 | 社科库409/409社科库 39排2列4层/ [索取号:F590.6/Z753] | 在馆 | |
| 2 | 261442 | 202614420 | 社科库409/409社科库 57排5列1层/ [索取号:F590.6/Z753] | 在馆 | |
| 3 | 261443 | 202614439 | 社科库409/409社科库 39排2列4层/ [索取号:F590.6/Z753] | 在馆 |